50 Most Expensive Premier League Transfers - Statistics

General Stats
  • This quiz has been taken 1,296 times
    1,235 since last reset
  • The average score is 26 of 50
Answer Stats
Price From To Player % Correct
£94.5M Juventus Manchester United Paul Pogba
97%
£78.3M Leicester City Manchester United Harry Maguire
92%
£76.1M Southampton Liverpool Virgil Van Dijk
91%
£68.4M VFL Wolfsburg Manchester City Kevin De Bruyne
88%
£72M Bayer Leverkusen Chelsea Kai Havertz
85%
£72M Athletic Bilbao Chelsea Kepa Arrizabalaga
79%
£72M LOSC Lille Arsenal Nicolas Pepe
79%
£61M Leicester City Manchester City Riyad Mahrez
78%
£76.2M Everton Manchester United Romelu Lukaku
78%
£61.2M SL Benfica Manchester City Ruben Dias
75%
£57.3M Liverpool Manchester City Raheem Sterling
68%
£45M AS Monaco Manchester City Bernardo Silva
67%
£57.3M Borussia Dortmund Arsenal Pierre-Emerick Aubameyang
65%
£56.2M AS Roma Liverpool Alisson
63%
£58.5M Juventus Manchester City Joao Cancelo
61%
£67.5M Real Madrid Manchester United Angel Di Maria
60%
£58.5M Athletic Bilbao Manchester City Aymeric Laporte
58%
£49.5M Sporting CP Manchester United Bruno Fernandes
58%
£47.7M RB Leipzig Chelsea Timo Werner
57%
£47.7M Olympique Lyon Arsenal Alexandre Lacazette
56%
£56.4M Atletico Madrid Manchester City Rodri
56%
£47.4M Tottenham Hotspur Manchester City Kyle Walker
55%
£52.6M Liverpool Chelsea Fernando Torres
53%
£53.1M Shakhtar Donetsk Manchester United Fred
53%
£50M Everton Manchester City John Stones
52%
£54M RB Leipzig Liverpool Naby Keita
49%
£49.5M Crystal Palace Manchester United Aaron Wan-Bissaka
48%
£42.3M Real Madrid Arsenal Mesut Ozil
47%
£54M AS Monaco Manchester United Anthony Martial
46%
£51.7M AS Monaco Manchester City Benjamin Mendy
46%
£57.6M Borussia Dortmund Chelsea Christian Pulisic
46%
£46.8M FC Schalke 04 Manchester City Leroy Sane
46%
£54M Olympique Lyon Tottenham Hotspur Tanguy Ndombele
46%
£40.2M Wolves Liverpool Diogo Jota
44%
£40.7M AFC Bournemouth Manchester City Nathan Ake
44%
£40.5M AS Monaco Liverpool Fabinho
39%
£51.3M Napoli Chelsea Jorginho
39%
£40.2M Chelsea Manchester United Juan Mata
36%
£40.5M Real Madrid Chelsea Mateo Kovacic
34%
£45M Atletico Madrid Arsenal Thomas Partey
32%
£59.4M Real Madrid Chelsea Alvaro Morata
31%
£40.5M Borussia Monchengladbach Arsenal Granit Xhaka
29%
£41.4M Leeds United Manchester United Rio Ferdinand
29%
£45M Eintracht Frankfurt West Ham United Sebastien Haller
29%
£44.4M Swansea City Everton Gylfi Sigurdsson
28%
£45.1M Leicester City Chelsea Ben Chilwell
27%
£40.2M Chelsea Manchester United Nemanja Matic
27%
£41.8M Aston Villa Liverpool Christian Benteke
21%
£40.5M AS Monaco Leicester City Youri Tielemans
20%
£40.5M FC Porto Manchester City Eliaquim Mangala
14%
No matching quizzes found
Score Distribution
Percent of People with Each Score
Percentile by Number Answered
Your Score History
You have not taken this quiz since the last reset